|
|
|
|
| LEADER |
00000nam0a2200000 4500 |
| 001 |
170194 |
| 005 |
20231101222856.0 |
| 010 |
|
|
|a 9785406002254
|
| 035 |
|
|
|a (RuTPU)RU\TPU\book\184578
|
| 035 |
|
|
|a RU\TPU\book\104859
|
| 035 |
|
|
|a RU\TPU\book\163128
|
| 090 |
|
|
|a 170194
|
| 100 |
|
|
|a 20060605d2010 m y0rusy50 ca
|
| 101 |
0 |
|
|a rus
|
| 102 |
|
|
|a RU
|
| 105 |
|
|
|a y j 001zy
|
| 200 |
1 |
|
|a Основы рекламы
|e учебное пособие
|f А. В. Костина, Э. Ф. Макаревич, О. И. Карпухин
|
| 205 |
|
|
|a 3-е изд., стер.
|
| 210 |
|
|
|a Москва
|c Кнорус
|d 2010
|
| 215 |
|
|
|a 400 с.
|
| 320 |
|
|
|a Литература: с. 351-352.
|
| 330 |
|
|
|a Учебное пособие написано в соответствии с требованиями Государственного образовательного стандарта. В нем рассматриваются вопросы, связанные с определением сущности рекламы, ее структуры и функций, анализируются типы и виды рекламы, особенности проявления рекламы в системе социокультурных отношений. Дается представление о специфике построения рекламного сообщения, об особенностях восприятия рекламы. Особое внимание уделяется проблеме управления общественными связями и технологиям паблик рилейшнз — мониторингу окружающей среды, созданию и продвижению имиджей, отношениям со СМИ, маркетинговой деятельности PR, лоббизму. Для студентов вузов, обучающихся по специальности "Реклама", преподавателей и учащихся старших классов общеобразовательных школ, а также может представлять интерес для всех, интересующихся данной проблематикой.
|
| 451 |
|
1 |
|0 (RuTPU)RU\TPU\book\163128
|y 978-5-390-00123-3
|t Основы рекламы
|o учебное пособие
|f А. В. Костина, Э. Ф. Макаревич, О. И. Карпухин
|e 2-е изд., доп.
|c М.
|n Кнорус
|d 2009
|p 400 с.
|a Костина, Анна Владимировна
|
| 606 |
1 |
|
|a Реклама
|2 stltpush
|3 (RuTPU)RU\TPU\subj\24860
|9 49135
|
| 610 |
1 |
|
|a рекламные коммуникации
|
| 610 |
1 |
|
|a рекламные тексты
|
| 610 |
1 |
|
|a психология
|
| 610 |
1 |
|
|a наружняя реклама
|
| 610 |
1 |
|
|a реклама на транспорте
|
| 610 |
1 |
|
|a витрины
|
| 610 |
1 |
|
|a телереклама
|
| 610 |
1 |
|
|a философия
|
| 610 |
1 |
|
|a мифология
|
| 610 |
1 |
|
|a архетипы
|
| 610 |
1 |
|
|a паблик рилейшнз
|
| 610 |
1 |
|
|a PR
|
| 610 |
1 |
|
|a медиавойны
|
| 610 |
1 |
|
|a СМИ
|
| 610 |
1 |
|
|a учебные пособия
|
| 610 |
1 |
|
|a цвет
|
| 610 |
1 |
|
|a имидж
|
| 610 |
1 |
|
|a политическая реклама
|
| 610 |
1 |
|
|a функции
|
| 610 |
1 |
|
|a культура
|
| 610 |
1 |
|
|a общество
|
| 675 |
|
|
|a 659(075.8)
|v 3
|
| 700 |
|
1 |
|a Костина
|b А. В.
|g Анна Владимировна
|
| 701 |
|
1 |
|a Макаревич
|b Э. Ф.
|g Эдуард Федорович
|
| 701 |
|
1 |
|a Карпухин
|b О. И.
|g Олег Иванович
|
| 801 |
|
1 |
|a RU
|b 63413507
|c 20091120
|
| 801 |
|
2 |
|a RU
|b 63413507
|c 20210415
|g RCR
|
| 900 |
|
|
|a Основы рекламы
|
| 942 |
|
|
|c BK
|
| 952 |
|
|
|a 520000
|b 030000
|
| 959 |
|
|
|a 116/20091120
|d 1
|e 140,00
|f ЧЗГЛ:1
|
| 959 |
|
|
|a 25/20100419
|d 1
|e 140,00
|f АНЛ:1
|
| 959 |
|
|
|a 50/20100823
|d 10
|e 182,00
|f УФ:10
|